| 000 | 005650000a22001810004500 | ||
|---|---|---|---|
| 003 | MACL | ||
| 005 | 20160526115017.0 | ||
| 008 | 160526b xxu||||| |||| 00| 0 eng d | ||
| 040 |
_aMACL _cMACL |
||
| 041 | _aHindi | ||
| 082 | _a891.433 BAI | ||
| 100 |
_aबेचैन, कुॅैअर _959640 |
||
| 245 |
_aजी हॉ, मैं गजल हूॅ _cकुॅअर बेचैन |
||
| 260 |
_bअमिता प्रकाशन _c2007 _aनई दिल्ली |
||
| 350 | _a150 | ||
| 650 |
_aNovel _959641 |
||
| 942 |
_cHIN _k891.433/BAI _2ddc |
||
| 999 |
_c41460 _d41460 |
||